Classifica Marcatori Leicester City All-Time - Statistics

Statistiche generali
  • Questo quiz è stato fatto 13 volte
  • Il punteggio medio è 2 su 10
Statistiche sulle risposte
Gol Nazione Calciatore % Corretto
185 Inghilterra Jamie Vardy
100%
61 Nigeria Kelechi Iheanacho
38%
62 Galles Andy King
8%
59 Inghilterra David Nugent
8%
58 Inghilterra Gary Lineker
8%
64 Inghilterra Alan Smith
0%
66 Inghilterra Frank Worthington
0%
62 Inghilterra Ken Keyworth
0%
62 Inghilterra Matty Fryatt
0%
68 Inghilterra Mike Stringfellow
0%
Nessun quiz corrispondente trovato
Distribuzione punteggi
Percentuale di utenti per punteggio
Percentile per numero di risposta
I tuoi punteggi nel tempo
Non hai fatto questo quiz